01395nam a2200373 a 450000100060000000300080000600500170001400600190003100700150005000800410006502000180010603500230012403500240014703500250017103500220019604000260021805000220024408000120026608200140027810000300029224501690032226000390049130000110053053301640054165000340070565000300073965000310076965000270080065500270082771000190085483000690087385600620094299900170100432337FlNmELB20241216220731.0m o d | cr cn|||||||||201211r2010 sp |||||s|||||||||||cat d z9788497889551 a(MiAaPQ)EBC3203533 a(Au-PeEL)EBL3203533 a(CaPaEBR)ebr10624153 a(OCoLC)1105910259 aFlNmELBbspacFlNmELB 4aHF5823bF241 2010 a347.77704a659.12221 aFarran Teixidó, Eduard.14aDes de la trinxerah[recurso electronico] :bmanual de supervivència en creativitat publicitáaria /cEduard Farran Teixidó, ; práoleg de Gustavo Martínez. aBarcelona :bEditorial UOC,c2010. a303 p. aRecurso electrónico. Santa Fe, Arg.: e-libro, 2015. Disponible vía World Wide Web. El acceso puede estar limitado para las bibliotecas afiliadas a e-libro. 4aCreatividad en la publicidad. 4aCampañas publicitarias. 4aCreativity in advertising. 4aAdvertising campaigns. 4aLibros electrónicos.2 ae-libro, Corp. 0aManuals (Universitat Oberta de Catalunya). Comunicació ;v171.40uhttps://elibro.net/ereader/politecnicointernacional/56247 c32337d32337